Fundamentals of microbiology

Αποθηκεύτηκε σε:
Λεπτομέρειες βιβλιογραφικής εγγραφής
Κύριος συγγραφέας: Frobisher, Martin (Συγγραφέας)
Μορφή: Βιβλίο
Γλώσσα:Αγγλικά
Έκδοση: Filadelfia W.B. Saunders 1957
Έκδοση:6a. ed
Θέματα:
Ετικέτες: Προσθήκη ετικέτας
Δεν υπάρχουν, Καταχωρήστε ετικέτα πρώτοι!

MARC

LEADER 00000nam a2200000 a 4500
001 UCX8484
003 CL-VaPUC
008 940406e19570000US |||||||||||||||||eng|d
082 0 4 |a 576  |b FRO  |2 21 
100 0 |a Frobisher, Martin  |e author  |9 325615 
245 1 0 |a Fundamentals of microbiology 
250 |a 6a. ed 
300 |a 617 p 
942 |c BK 
945 |d 19940406 00:00:00  |a mfernand 
260 |a Filadelfia  |b W.B. Saunders  |c 1957 
650 0 |a Microbiología   |9 259706 
583 |a last modification  |c 19940406 00:00:00  |k Rodrigo Vera 
999 |c 227974  |d 227972 
952 |0 0  |1 0  |4 0  |6 576_000000000000000_FRO_1957  |7 0  |8 A  |9 227501  |a BIBALI  |b BIBALI  |c GEN  |d 2019-11-15  |i 2965682  |o 576 FRO 1957  |p 2965682  |r 2025-01-20  |w 2019-11-15  |y BK  |k ALI